Normal view
MARC view
- ZBAR, PAUL B
Entry Personal Name
001 - CONTROL NUMBER
- control field: 74617
003 - CONTROL NUMBER IDENTIFIER
- control field: NUST
005 - DATE AND TIME OF LATEST TRANSACTION
- control field: 20210628205245.0
008 - FIXED-LENGTH DATA ELEMENTS
- fixed length control field: 210628|| aca||aabn | a|a d
040 ## - CATALOGING SOURCE
- Original cataloging agency: NUST
- Transcribing agency: NUST
100 ## - HEADING--PERSONAL NAME
- Personal name: ZBAR, PAUL B
670 ## - SOURCE DATA FOUND
- Source citation: Work cat.: (NUST): ZBAR, PAUL B, BASIC ELECTRICITY A TEXT - LAB MANUAL, 1983
